Kỹ thuật sấy
Nội dung cơ bản khi tính toán cân bằng nhiệt-ẩm của một hệ thống sấy là tính toán quá trình sấy lý thuyết sau khi lọc được kết cấu thiết bị sấy và tính toán quá trình sấy thực.
Đã lưu trong:
| 主要作者: | |
|---|---|
| 格式: | 圖書 |
| 語言: | Undetermined |
| 出版: |
H.
Giáo dục
2009
|
| 主題: | |
| 在線閱讀: | http://lrc.tdmu.edu.vn/opac/search/detail.asp?aID=2&ID=15413 |
| 標簽: |
添加標簽
沒有標簽, 成為第一個標記此記錄!
|
| Thư viện lưu trữ: | Trung tâm Học liệu Trường Đại học Thủ Dầu Một |
|---|
| LEADER | 00942nam a2200205Ia 4500 | ||
|---|---|---|---|
| 001 | TDMU_15413 | ||
| 008 | 210410s9999 xx 000 0 und d | ||
| 082 | |a 621.402 | ||
| 090 | |b TR121 | ||
| 100 | |a Trần, Văn Phú | ||
| 245 | 0 | |a Kỹ thuật sấy | |
| 245 | 0 | |c Trần Văn Phú | |
| 260 | |a H. | ||
| 260 | |b Giáo dục | ||
| 260 | |c 2009 | ||
| 300 | |a 267tr. | ||
| 520 | |a Nội dung cơ bản khi tính toán cân bằng nhiệt-ẩm của một hệ thống sấy là tính toán quá trình sấy lý thuyết sau khi lọc được kết cấu thiết bị sấy và tính toán quá trình sấy thực. | ||
| 650 | |a Công nghệ sấy |x Kỹ thuật sấy ; Thiết bị sấy ; Kỹ thuật nhiệt | ||
| 856 | |u http://lrc.tdmu.edu.vn/opac/search/detail.asp?aID=2&ID=15413 | ||
| 980 | |a Trung tâm Học liệu Trường Đại học Thủ Dầu Một | ||